000 01263nam a2200253 i 4500
001 86323
003 ES-MaACL
005 20230906175424.0
007 t|
008 041227s2000 sp ||||1| spa d
080 _a929 Napoleón (44) I
080 _a940"1789/1848"
245 0 0 _aNapoleón [
_hRecurso electrónico].
260 _a[Madrid] :
_bDolmen,
_c[2000]
300 _a1 disco compacto (CD-ROM) :
_bson., col. ;
_c12 cm.
490 1 _aLa historia y sus protagonistas ;
_v9
500 _aRequerimientos del sistema: Procesador Pentium 200 MMX o superior, Memoria RAM 32 Mb o más, Espacio libre en disco duro de 10 Mb o más, Windows 95 o posterior, Tarjeta gráfica 2 Mb, Lector de CD-ROM 16X o superior, Tarjeta de sonido con capacidad de sonido digitalizado y MIDI.
505 8 _aContiene: Desde 1789 hasta 1848 -- La Revolución Francesa hasta las revoluciones de 1848 conociendo el Imperio Napoleónico y el periodo 1830-1870 con la Revolución Industrial y los inicios del Movimiento Obrero
600 0 4 _aNapoleón
_bI
_cEmperador de Francia-
_vCD-ROM.
_984911
651 4 _aEuropa-
_xHistoria-
_y1789-1848-
_vCD-ROM.
_98605
830 0 _aLa historia y sus protagonistas ;
_v9
_9183979
852 _aES-MaACL
_jROT 1/4/15
999 _c86323
_d86323